000 00489cam a2200157 i 4500
082 0 4 _a954.009 2
_bSRI/L
100 0 _aSrivastava C P
245 1 0 _aLal Bahadur Shastri:
_bPrime Minister of India,1964-1966 - a life of truth in politics/
_cby Srivastava C P
260 _aNew Delhi:
_bOxford University Press,
_c1995.
300 _a463p.
650 0 _aBiography Lal Bahadur Shastri
650 7 _aBiography Prime Minister India
650 7 _aBiography
650 7 _aHistory
942 _cBK
999 _c149456
_d149456